000 01104cam a22002174a 4500
999 _c58116
_d58116
001 17092882
005 20210618130452.0
008 111222s2014 caua b 001 0 eng
020 _a9781626365698
041 _aeng
080 _a376.2+616.896 C-69
100 1 _aColvin, Geoff
_d
_912087
245 1 0 _aManaging the cycle of meltdowns for students with autism spectrum disorder /
_cGeoff Colvin, Martin R. Sheehan : foreword by Richard L. Simpson.
264 _aNew York:
_bSkyhorse,
_c2014.
300 _a 227 p. :
_bill. ;
_c26 cm.
653 _aაუტიზმის სპექტრის აშლილობის მქონე სტუდენტებისთვის კრიზისის ციკლის მართვა
653 _aУправление циклом истерики у студентов с расстройством аутистического спектра
700 1 _aSheehan, Martin R.
_eავტორი
_912088
700 1 _aSimpson, Richard L.
_912089
_eწინასიტყვაობის ავტორი
942 _2udc
_cBK